000 01250cam a2200349 a 4500
999 _c1315
_d1315
001 12448403
003 OSt
005 20221228115322.0
008 010621r20001961enka j 000 0 eng
010 _a 2001271520
020 _a9780192750785
040 _aDLC
_cDLC
_dDLC
_dKH8
041 1 _aeng
_hchi
042 _alcac
082 0 0 _a398.2 BIR
_221
100 1 _aBirch, Cyril,
_d1925-
245 1 0 _aTales from China /
_cretold by Cyril Birch ; illustrated by Rosamund Fowler.
250 _aPbk. ed.
260 _aOxford ;
_aNew York :
_bOxford University Press,
_c2000.
300 _a195 p. :
_bill. ;
_c20 cm.
500 _a"First published as Chinese myths and fantasies 1961"--T.p. verso.
650 0 _aTales
_zChina.
650 0 _aMythology, Chinese.
650 1 _aFolklore
_zChina.
650 1 _aMythology, Chinese.
700 1 _aFowler, Rosamund,
_eill.
856 4 2 _3Publisher description
_uhttp://www.loc.gov/catdir/enhancements/fy0611/2001271520-d.html
856 4 2 _3Contributor biographical information
_uhttp://www.loc.gov/catdir/enhancements/fy0725/2001271520-b.html
906 _a7
_bcbc
_corigcop
_d2
_encip
_f20
_gy-gencatlg
942 _2ddc
_cNFIC